| 000 | 00745nam a22002057a 4500 | ||
|---|---|---|---|
| 005 | 20151120114505.0 | ||
| 010 | _aG-2355 ENG-114161 | ||
| 020 |
_a9789350351703 _c495.00 |
||
| 035 | _aG-2355 | ||
| 035 | _aEN-97693 | ||
| 037 | _aDBAD/PUB | ||
| 082 | _a340.110954 | ||
| 245 |
_aRule of Law and human rights in India : _cedited by Lokendra Malik ; foreworded by P.N. Bhagwati _bessays in honour and memory of Justice H.R. Khanna / |
||
| 260 |
_aNew Delhi _bUniversal Law Publishing _c2012 |
||
| 270 |
_aC-FF-1A, Dilkhush Industrial Estate, G.T. Karnal Road, _bNew Delhi _e110033 |
||
| 300 |
_axxxviii,252p. _c25cm(pbk) |
||
| 700 | _aMalik, Lokendra | ||
| 942 |
_2ddc _cEN _h340.110954 _mKHA |
||
| 999 |
_c80936 _d80936 |
||